[Event "Dortmund Sparkassen op-A 51st"]
[Site "Dortmund"]
[Date "2024.08.13"]
[Round "4"]
[White "Thieu, Nguyen Gia Bao"]
[Black "Krueger, Andre"]
[Result "0-1"]
[WhiteElo "1904"]
[BlackElo "2018"]
[PlyCount "106"]
[EventDate "2024.08.10"]
[EventType "swiss"]
[EventRounds "9"]
[EventCountry "GER"]
[SourceTitle "CBM 221 Extra"]
[Source "ChessBase"]
[SourceDate "2024.09.30"]
[SourceVersion "1"]
[SourceVersionDate "2024.09.30"]
[SourceQuality "1"]

1. e4 c5 2. c3 e6 3. Nf3 d5 4. exd5 Qxd5 5. d4 Nf6 6. Na3 Be7 7. Be3 cxd4 8. Nb5 Na6 9. Nbxd4 0-0 10. Be2 b6 11. 0-0 Bb7 12. Qc2 Ng4 13. Bd2 Nc5 14. c4 Qe4 15. h3 Qxc2 16. Nxc2 Rad8 17. Rfd1 Bxf3 18. Bxf3 Ne5 19. Be2 Na4 20. Rab1 Nd3 21. Bc3 Nxc3 22. bxc3 Ne5 23. f4 Bc5+ 24. Kf1 Nc6 25. Rxd8 Rxd8 26. Rd1 Rxd1+ 27. Bxd1 Bd6 28. f5 exf5 29. Nd4 Ne7 30. Bf3 g6 31. Ke2 Kg7 32. Bb7 Ng8 33. Nb5 Bb8 34. Kd3 Nf6 35. Bc6 a6 36. Nd4 Bd6 37. Nb3 Bc5 38. a4 a5 39. Nd4 Nh5 40. Ke3 Kf6 41. Bd5 Ke7 42. Kf3 Nf6 43. Nb5 Nd7 44. Kf4 f6 45. Nd4 Bd6+ 46. Ke3 Nc5 47. Bc6 Be5 48. Kd2 f4 49. Ke2 f5 50. Kf3 Kf6 51. Ke2 g5 52. Kf3 Bxd4 53. cxd4 Nb3 0-1

[Event "Biel ATO op 54th"]
[Site "Biel"]
[Date "2021.08.04"]
[Round "7"]
[White "Thieu, Nguyen Gia Bao"]
[Black "Hecht, Jonas Christian"]
[Result "1/2-1/2"]
[WhiteElo "1839"]
[BlackElo "1948"]
[PlyCount "72"]
[EventDate "2021.07.26"]
[EventType "swiss"]
[EventRounds "9"]
[EventCountry "SUI"]
[SourceTitle "EXT 2022"]
[Source "ChessBase"]
[SourceDate "2021.10.06"]
[SourceVersion "1"]
[SourceVersionDate "2021.10.06"]
[SourceQuality "1"]

1. e4 e5 2. Bc4 Nf6 3. d4 exd4 4. Nf3 Nc6 5. 0-0 Nxe4 6. Re1 d5 7. Bxd5 Qxd5 8. Nc3 Qh5 9. Nxe4 Be6 10. Bg5 h6 11. Bf6 Be7 12. Bxe7 Nxe7 13. Nxd4 Qxd1 14. Raxd1 0-0-0 15. Nc5 Nf5 16. Ncxe6 fxe6 17. Nxe6 Rxd1 18. Rxd1 Re8 19. Nf4 g5 20. Nd3 Re2 21. Ne1 Nd6 22. Kf1 Re6 23. Nd3 Nc4 24. b3 Nd6 25. Re1 Rf6 26. g3 b6 27. Kg2 Nf5 28. Re4 a5 29. a4 Rc6 30. Ne1 Kd7 31. h4 gxh4 32. g4 Ne7 33. Rd4+ Ke6 34. f4 Kf6 35. Rd3 Ng6 36. Rf3 Rc5 1/2-1/2

[Event "Biel ATO op 54th"]
[Site "Biel"]
[Date "2021.08.03"]
[Round "8"]
[White "Khadiev, Timur"]
[Black "Thieu, Nguyen Gia Bao"]
[Result "1/2-1/2"]
[WhiteElo "1208"]
[BlackElo "1839"]
[PlyCount "54"]
[EventDate "2021.07.26"]
[EventType "swiss"]
[EventRounds "9"]
[EventCountry "SUI"]
[SourceTitle "EXT 2022"]
[Source "ChessBase"]
[SourceDate "2021.10.06"]
[SourceVersion "1"]
[SourceVersionDate "2021.10.06"]
[SourceQuality "1"]

1. e4 c5 2. Nf3 Nc6 3. d4 cxd4 4. Nxd4 g6 5. c4 Nf6 6. Nc3 d6 7. Be3 Ng4 8. Nxc6 bxc6 9. Bf4 Qb6 10. Qd2 Bg7 11. f3 Ne5 12. Be3 Qb7 13. Be2 0-0 14. 0-0 f5 15. f4 Nf7 16. exf5 Bxf5 17. b3 Rad8 18. Rae1 e5 19. Bf3 Qc7 20. fxe5 Nxe5 21. Be4 Be6 22. Bh6 Bxh6 23. Qxh6 Ng4 24. Qg5 Qb6+ 25. c5 Rxf1+ 26. Rxf1 Qxc5+ 27. Qxc5 dxc5 1/2-1/2

[Event "Niedersachsen-ch op A"]
[Site "Verden"]
[Date "2018.01.07"]
[Round "7"]
[White "Buehrmann, Torsten"]
[Black "Thieu, Nguyen Gia Bao"]
[Result "1-0"]
[WhiteElo "1928"]
[BlackElo "1820"]
[PlyCount "66"]
[EventDate "2018.01.04"]
[EventType "swiss"]
[EventRounds "7"]
[EventCountry "GER"]
[SourceTitle "EXT 2022"]
[Source "ChessBase"]
[SourceDate "2021.10.06"]
[SourceVersion "1"]
[SourceVersionDate "2021.10.06"]
[SourceQuality "1"]

1. e4 c5 2. Nf3 Nc6 3. d4 cxd4 4. Nxd4 g6 5. Nc3 Bg7 6. Be3 Nf6 7. Bc4 Qa5 8. f3 0-0 9. Qd2 Qb4 10. Nxc6 bxc6 11. Bb3 d6 12. 0-0-0 a5 13. a3 Qb7 14. g4 Be6 15. Bh6 Bxb3 16. Bxg7 Kxg7 17. cxb3 Qxb3 18. h4 h5 19. gxh5 Nxh5 20. Rdg1 Rab8 21. Rh2 Rh8 22. f4 Qe6 23. f5 Qf6 24. Nd1 d5 25. fxg6 fxg6 26. Rg4 d4 27. Rf2 Qd6 28. Qxa5 Rb5 29. Qa4 Rhb8 30. e5 Rc5+ 31. Kb1 Qxe5 32. Rxd4 Nf6 33. Rd3 Rc4 1-0

[Event "Hannover-ch U18"]
[Site "Lehrte"]
[Date "2013.10.20"]
[Round "2"]
[White "Brauer, Jan"]
[Black "Thieu, Nguyen Gia Bao"]
[Result "1/2-1/2"]
[WhiteElo "1457"]
[BlackElo "1652"]
[PlyCount "36"]
[EventDate "2013.10.20"]
[EventType "tourn"]
[EventRounds "7"]
[EventCountry "GER"]
[SourceTitle "EXT 2021"]
[Source "ChessBase"]
[SourceDate "2020.10.23"]
[SourceVersion "1"]
[SourceVersionDate "2020.10.23"]
[SourceQuality "1"]

1. e4 c5 2. Nf3 Nc6 3. d4 cxd4 4. Nxd4 g6 5. Nc3 Bg7 6. Be3 Nf6 7. Bc4 0-0 8. Qd2 Nxe4 9. Bxf7+ Rxf7 10. Nxe4 Ne5 11. Ne6 Qe8 12. Nxg7 Rxg7 13. Bd4 d6 14. f4 Nc4 15. Qc3 Qc6 16. Ng5 e5 17. fxe5 dxe5 18. Bf2 Bf5 1/2-1/2

[Event "Hannover-chB"]
[Site "Lehrte"]
[Date "2012.10.23"]
[Round "7"]
[White "Thieu, Nguyen Gia Bao"]
[Black "Gramenz, Jens"]
[Result "1-0"]
[WhiteElo "1624"]
[BlackElo "1815"]
[PlyCount "61"]
[EventDate "2012.10.20"]
[EventType "swiss"]
[EventRounds "7"]
[EventCountry "GER"]
[SourceTitle "EXT 2021"]
[Source "ChessBase"]
[SourceDate "2020.10.23"]
[SourceVersion "1"]
[SourceVersionDate "2020.10.23"]
[SourceQuality "1"]

1. c4 g6 2. Nc3 Bg7 3. g3 c5 4. Bg2 Nc6 5. d3 d6 6. e4 Nf6 7. h3 Bd7 8. Nge2 a6 9. 0-0 0-0 10. f4 Rb8 11. a4 Nb4 12. Nd5 Nbxd5 13. cxd5 b5 14. axb5 axb5 15. Rb1 Qc8 16. Kh2 c4 17. d4 Rb6 18. g4 h6 19. f5 Ne8 20. Qe1 g5 21. Bd2 Ra6 22. Bc3 Nc7 23. e5 dxe5 24. dxe5 Qb8 25. Kh1 Re8 26. e6 Bc8 27. Bxg7 Kxg7 28. f6+ exf6 29. Qc3 Nxd5 30. Bxd5 Qe5 31. Qxe5 1-0

[Event "Hannover-chB"]
[Site "Lehrte"]
[Date "2012.10.21"]
[Round "3"]
[White "Thieu, Nguyen Gia Bao"]
[Black "Gehrke, Mathias"]
[Result "0-1"]
[WhiteElo "1624"]
[BlackElo "1704"]
[PlyCount "76"]
[EventDate "2012.10.20"]
[EventType "swiss"]
[EventRounds "7"]
[EventCountry "GER"]
[SourceTitle "EXT 2021"]
[Source "ChessBase"]
[SourceDate "2020.10.23"]
[SourceVersion "1"]
[SourceVersionDate "2020.10.23"]
[SourceQuality "1"]

1. c4 Nf6 2. Nc3 e6 3. e4 d6 4. g3 c5 5. Bg2 Nc6 6. Nge2 Bd7 7. 0-0 Be7 8. d3 0-0 9. h3 a6 10. f4 g6 11. Kh2 Rb8 12. a4 Qc7 13. g4 Ne8 14. Ng3 Bh4 15. Nce2 Bxg3+ 16. Nxg3 Ng7 17. f5 f6 18. b3 Nd4 19. fxg6 hxg6 20. Bb2 Qb6 21. Bxd4 cxd4 22. Ne2 e5 23. Ng3 a5 24. Ra2 Rf7 25. Raf2 Rbf8 26. Kh1 Ne6 27. Ne2 Nc5 28. Nc1 Qd8 29. Qd2 Rh7 30. Kg1 Ne6 31. Kh2 Ng5 32. Kg3 f5 33. exf5 Nxh3 34. Bd5+ Kh8 35. f6 Nxf2 36. Qxf2 Bxg4 37. Bxb7 Bf5 38. Bd5 Qxf6 0-1

[Event "Hannover-ch U16/18"]
[Site "Lehrte"]
[Date "2011.10.18"]
[Round "7"]
[White "Thieu, Nguyen Gia Bao"]
[Black "Weissbrot, Eduard"]
[Result "1/2-1/2"]
[WhiteElo "1596"]
[BlackElo "1256"]
[PlyCount "42"]
[EventDate "2011.10.15"]
[EventType "swiss"]
[EventRounds "7"]
[EventCountry "GER"]
[SourceTitle "EXT 2021"]
[Source "ChessBase"]
[SourceDate "2020.10.23"]
[SourceVersion "1"]
[SourceVersionDate "2020.10.23"]
[SourceQuality "1"]

1. c4 c5 2. Nc3 Nc6 3. g3 g6 4. Bg2 Bg7 5. e4 d6 6. d3 Nf6 7. h3 0-0 8. Nge2 e5 9. 0-0 Be6 10. f4 Qc8 11. Kh2 exf4 12. Nxf4 h6 13. Ncd5 Bxd5 14. exd5 Nd4 15. Rb1 Re8 16. b3 Kh7 17. Bb2 Nf5 18. Qd2 Ne3 19. Rf3 Nf5 20. Ne2 h5 21. Rbf1 Qd7 1/2-1/2

[Event "Hannover-ch U16/18"]
[Site "Lehrte"]
[Date "2011.10.15"]
[Round "1"]
[White "Kornhagen, Fynn"]
[Black "Thieu, Nguyen Gia Bao"]
[Result "1/2-1/2"]
[WhiteElo "1129"]
[BlackElo "1596"]
[PlyCount "47"]
[EventDate "2011.10.15"]
[EventType "swiss"]
[EventRounds "7"]
[EventCountry "GER"]
[SourceTitle "EXT 2021"]
[Source "ChessBase"]
[SourceDate "2020.10.23"]
[SourceVersion "1"]
[SourceVersionDate "2020.10.23"]
[SourceQuality "1"]

1. d4 Nf6 2. Nf3 g6 3. Bf4 Bg7 4. Nc3 0-0 5. e3 d6 6. Be2 Qe8 7. 0-0 Nh5 8. Re1 e5 9. dxe5 dxe5 10. Bg5 c6 11. e4 h6 12. Be3 b6 13. Qc1 Kh7 14. h3 f5 15. exf5 gxf5 16. Nh4 f4 17. Bd3+ Kg8 18. Bd2 Rf6 19. Ne4 Rf8 20. Nd6 Qd8 21. Bc4+ Kh7 22. Bd3+ Kg8 23. Bc4+ Kh7 24. Bd3+ 1/2-1/2

[Event "Niedersachsen-ch op"]
[Site "Verden"]
[Date "2011.01.03"]
[Round "4"]
[White "Thieu, Nguyen Gia Bao"]
[Black "Schubert, Karl Heinz"]
[Result "1-0"]
[WhiteElo "1473"]
[BlackElo "1018"]
[PlyCount "61"]
[EventDate "2011.01.02"]
[EventType "swiss"]
[EventRounds "7"]
[EventCountry "GER"]
[SourceTitle "EXT 2018"]
[Source "ChessBase"]
[SourceDate "2017.10.13"]
[SourceVersion "1"]
[SourceVersionDate "2017.10.13"]
[SourceQuality "1"]

1. c4 b6 2. Nc3 Bb7 3. e4 e6 4. g3 Nc6 5. Bg2 e5 6. Nge2 Bc5 7. 0-0 h5 8. h3 h4 9. g4 Nf6 10. Kh2 Qe7 11. a3 Nd4 12. d3 Qe6 13. Nxd4 exd4 14. Nb5 Bd6+ 15. f4 a6 16. Nxd4 Qe7 17. Nf5 Qf8 18. e5 Bxg2 19. exf6 g6 20. Ng7+ Kd8 21. Re1 g5 22. Re8+ Qxe8 23. Nxe8 Rxe8 24. Kxg2 gxf4 25. Qf3 c6 26. Bxf4 Re6 27. Bxd6 Rxd6 28. Re1 Kc7 29. Qf4 c5 30. Re7 Kc6 31. Qe4+ 1-0

[Event "Hannover-ch U16"]
[Site "Lehrte"]
[Date "2010.10.11"]
[Round "5"]
[White "Seidenstuecker, Hans Lennart"]
[Black "Thieu, Nguyen Gia Bao"]
[Result "1/2-1/2"]
[WhiteElo "1157"]
[BlackElo "1573"]
[PlyCount "38"]
[EventDate "2010.10.09"]
[EventType "swiss"]
[EventRounds "7"]
[EventCountry "GER"]
[SourceTitle "EXT 2021"]
[Source "ChessBase"]
[SourceDate "2020.10.23"]
[SourceVersion "1"]
[SourceVersionDate "2020.10.23"]
[SourceQuality "1"]

1. c4 Nf6 2. Nc3 e5 3. g3 d5 4. cxd5 Nxd5 5. Bg2 Be6 6. a3 c5 7. e3 Nc6 8. Nge2 Be7 9. 0-0 0-0 10. d3 Nb6 11. Qc2 Na5 12. b4 Bb3 13. Qb2 cxb4 14. axb4 Bxb4 15. Rxa5 Bxa5 16. Qxb3 Rb8 17. Qa3 Bxc3 18. Nxc3 Qxd3 19. Qxa7 Qa6 1/2-1/2

[Event "Hannover-ch U16"]
[Site "Lehrte"]
[Date "2010.10.09"]
[Round "1"]
[White "Brauer, Jan"]
[Black "Thieu, Nguyen Gia Bao"]
[Result "0-1"]
[WhiteElo "961"]
[BlackElo "1573"]
[PlyCount "66"]
[EventDate "2010.10.09"]
[EventType "swiss"]
[EventRounds "7"]
[EventCountry "GER"]
[SourceTitle "EXT 2021"]
[Source "ChessBase"]
[SourceDate "2020.10.23"]
[SourceVersion "1"]
[SourceVersionDate "2020.10.23"]
[SourceQuality "1"]

1. e4 e6 2. d4 d5 3. exd5 exd5 4. Bd3 Bd6 5. Nc3 c6 6. Be3 Nf6 7. Nf3 Bg4 8. h3 Bh5 9. Qe2 0-0 10. g4 Bg6 11. Bxg6 fxg6 12. 0-0-0 b5 13. Rhe1 Qa5 14. a3 Bxa3 15. bxa3 Qxc3 16. Qd3 Qa1+ 17. Kd2 Ne4+ 18. Qxe4 Qxd1+ 19. Rxd1 dxe4 20. Ne5 Rf6 21. Kc3 Rd6 22. Re1 Nd7 23. Bf4 Rf8 24. Rxe4 Nf6 25. Kd3 Nxe4 26. Kxe4 Re6 27. Kf3 g5 28. Nd3 Rxf4+ 29. Nxf4 gxf4 30. c3 g5 31. Kg2 Re2 32. Kf3 Rc2 33. Ke4 Rxf2 0-1

[Event "Hannover-ch U14"]
[Site "Stadthagen"]
[Date "2009.10.05"]
[Round "5"]
[White "Kopanski, Lorenz"]
[Black "Thieu, Nguyen Gia Bao"]
[Result "1/2-1/2"]
[WhiteElo "1569"]
[BlackElo "1418"]
[PlyCount "68"]
[EventDate "2009.10.03"]
[EventType "swiss"]
[EventRounds "7"]
[EventCountry "GER"]
[SourceTitle "EXT 2021"]
[Source "ChessBase"]
[SourceDate "2020.10.23"]
[SourceVersion "1"]
[SourceVersionDate "2020.10.23"]
[SourceQuality "1"]

1. g3 e5 2. Bg2 Bc5 3. e3 Nc6 4. a3 Nge7 5. Ne2 d6 6. h3 Be6 7. b3 Qd7 8. Bb2 Bd5 9. Bxd5 Nxd5 10. c4 Nf6 11. d4 exd4 12. exd4 Bb6 13. b4 a6 14. c5 dxc5 15. dxc5 Qxd1+ 16. Kxd1 0-0-0+ 17. Kc2 Ba7 18. Nbc3 Rhe8 19. Rad1 Rxd1 20. Rxd1 Ne4 21. Nxe4 Rxe4 22. Rd2 Ne5 23. Nc3 Re1 24. Nd5 Nc4 25. Bxg7 Nxd2 26. Kxd2 Re6 27. Nf4 Re8 28. Bf6 b6 29. cxb6 Bxb6 30. Nd3 a5 31. Bg5 axb4 32. axb4 Kb7 33. Nc5+ Kc6 34. Be3 Bxc5 1/2-1/2

[Event "Hannover-ch U14"]
[Site "Stadthagen"]
[Date "2009.10.04"]
[Round "4"]
[White "Thieu, Nguyen Gia Bao"]
[Black "Baeuerlein, Johannes"]
[Result "1/2-1/2"]
[WhiteElo "1418"]
[BlackElo "1129"]
[PlyCount "56"]
[EventDate "2009.10.03"]
[EventType "swiss"]
[EventRounds "7"]
[EventCountry "GER"]
[SourceTitle "EXT 2021"]
[Source "ChessBase"]
[SourceDate "2020.10.23"]
[SourceVersion "1"]
[SourceVersionDate "2020.10.23"]
[SourceQuality "1"]

1. e4 d6 2. f4 Nf6 3. Nc3 g6 4. Nf3 Bg7 5. Bc4 0-0 6. d3 Nc6 7. Be3 e5 8. h3 Nd7 9. g4 exf4 10. Bxf4 Nb6 11. Bg5 Bf6 12. Bxf6 Qxf6 13. Qe2 Bd7 14. 0-0-0 Nd4 15. Nxd4 Qxd4 16. g5 Rfe8 17. Qf1 Be6 18. Bxe6 Rxe6 19. Qf3 c6 20. Rdf1 Rf8 21. h4 Nd7 22. h5 Ne5 23. Qh3 Re7 24. hxg6 fxg6 25. Rxf8+ Kxf8 26. Qc8+ Kg7 27. Rf1 Qe3+ 28. Kd1 Nf3 1/2-1/2

[Event "Hannover-ch U14"]
[Site "Stadthagen"]
[Date "2009.10.03"]
[Round "2"]
[White "Thieu, Nguyen Gia Bao"]
[Black "Weissbrot, Eduard"]
[Result "1-0"]
[WhiteElo "1418"]
[BlackElo "1123"]
[PlyCount "117"]
[EventDate "2009.10.03"]
[EventType "swiss"]
[EventRounds "7"]
[EventCountry "GER"]
[SourceTitle "EXT 2021"]
[Source "ChessBase"]
[SourceDate "2020.10.23"]
[SourceVersion "1"]
[SourceVersionDate "2020.10.23"]
[SourceQuality "1"]

1. e4 e5 2. Nf3 Nc6 3. Bb5 Nf6 4. 0-0 Bc5 5. Re1 0-0 6. c3 d6 7. d4 exd4 8. cxd4 Bb4 9. Nc3 Bg4 10. Bg5 h6 11. Bxc6 bxc6 12. Bh4 Re8 13. Qd3 Re6 14. Qc4 Bxc3 15. Qxc3 Qd7 16. Nd2 Rae8 17. Bxf6 Rxf6 18. Qa5 Ra8 19. Rac1 Rb8 20. b3 Rb7 21. Qa6 Qc8 22. Rxc6 Bd7 23. Rcc1 d5 24. Qa3 dxe4 25. Nxe4 Rc6 26. d5 Rxc1 27. Rxc1 Qe8 28. Nc5 Rb5 29. Qxa7 Qc8 30. d6 cxd6 31. Qxd7 Qxd7 32. Nxd7 Ra5 33. a4 Ra7 34. Nb6 Rb7 35. a5 d5 36. g3 f5 37. Rd1 Rc7 38. a6 Ra7 39. Ra1 d4 40. Nc8 Ra8 41. a7 d3 42. Nb6 Rd8 43. a8Q Rxa8 44. Rxa8+ Kf7 45. Rd8 g5 46. Rxd3 f4 47. b4 fxg3 48. hxg3 h5 49. Nc4 h4 50. gxh4 gxh4 51. b5 Ke7 52. b6 h3 53. b7 h2+ 54. Kxh2 Ke6 55. b8Q Kf5 56. Re3 Kf6 57. Qf4+ Kg6 58. Rg3+ Kh5 59. Qg5# 1-0

[Event "Hannover-ch U14"]
[Site "Lehrte"]
[Date "2008.10.11"]
[Round "2"]
[White "Thieu, Nguyen Gia Bao"]
[Black "Wolf, Felix"]
[Result "1-0"]
[WhiteElo "1014"]
[BlackElo "1477"]
[PlyCount "51"]
[EventDate "2008.10.11"]
[EventType "swiss"]
[EventRounds "7"]
[EventCountry "GER"]
[SourceTitle "EXT 2021"]
[Source "ChessBase"]
[SourceDate "2020.10.23"]
[SourceVersion "1"]
[SourceVersionDate "2020.10.23"]
[SourceQuality "1"]

1. e4 c5 2. d4 cxd4 3. c3 dxc3 4. Nxc3 d6 5. Bc4 Nf6 6. e5 Ng8 7. Nf3 Qc7 8. Bb5+ Nc6 9. exd6 exd6 10. 0-0 a6 11. Ba4 Nge7 12. Re1 Be6 13. Bf4 Rd8 14. Rc1 Qb8 15. Nd5 b5 16. Nxe7 Nxe7 17. Bb3 Bxb3 18. Qxb3 Qa8 19. Rc7 d5 20. Qb4 Rd7 21. Bd6 Qd8 22. Rxd7 Qxd7 23. Qc5 f6 24. Qxd5 Kd8 25. Qc5 Ng6 26. Qb6+ 1-0